000
00321nam a22001337a 4500
008
170608b xxu||||| |||| 00| 0 eng d
020
_a
9781426642630
041
_a
eng
080
_2
2ND
_a
94(4)
100
_a
18
101
_a
SHH
245
_a
EXPLORING THE EUROPEAN PAST : TEXTS& IMAGES
_c
GREGORY.T.E
942
_2
udc
_c
BK
999
_c
16370
_d
16370